African Capital "Hangman" - Randomized - Statistics

General Stats
  • This quiz has been taken 1,913 times
  • The average score is 3 of 6
Answer Stats
Spelling % Correct
A
99%
A
99%
A
98%
A
98%
A
98%
A
98%
A
98%
A
98%
A
98%
A
98%
A
97%
A
97%
A
97%
A
97%
A
96%
A
96%
A
96%
A
95%
A
95%
A
89%
O
78%
O
78%
M
77%
E
76%
E
73%
B
72%
O
72%
I
70%
R
70%
K
68%
M
65%
S
64%
I
63%
I
59%
E
57%
R
56%
I
55%
I
55%
N
55%
N
55%
M
54%
N
54%
E
52%
I
50%
O
50%
S
48%
M
47%
N
47%
I
46%
M
46%
M
46%
R
46%
S
46%
U
46%
L
42%
U
42%
L
41%
O
41%
O
41%
U
41%
H
40%
R
40%
R
40%
D
39%
K
39%
N
39%
L
37%
B
36%
U
36%
B
35%
S
35%
S
35%
U
35%
B
34%
T
33%
U
33%
G
31%
P
31%
U
31%
Y
31%
K
30%
L
30%
D
29%
D
29%
M
29%
G
28%
J
25%
T
25%
G
16%
G
16%
No matching quizzes found
Score Distribution
Percent of People with Each Score
Percentile by Number Answered
Your Score History
You have not taken this quiz